[Event "Gothenburg Kvibergspelen"]
[Site "Gothenburg"]
[Date "2023.09.17"]
[Round "7"]
[White "Mashhadi, Peyman"]
[Black "Fransson, Angelina"]
[Result "0-1"]
[WhiteElo "2112"]
[BlackElo "1982"]
[PlyCount "86"]
[EventDate "2023.09.15"]
[EventType "swiss"]
[EventRounds "8"]
[EventCountry "SWE"]
[SourceTitle "EXT 2024"]
[Source "ChessBase"]
[SourceDate "2023.10.10"]
[SourceVersion "1"]
[SourceVersionDate "2023.10.10"]
[SourceQuality "1"]

1. e4 c5 2. Nf3 d6 3. d4 cxd4 4. Nxd4 Nf6 5. Nc3 e6 6. Be3 a6 7. a4 b6 8. Be2 Bb7 9. f4 Nxe4 10. Nxe4 Bxe4 11. Bf3 Bxf3 12. Qxf3 d5 13. Qg3 Qc7 14. 0-0 Nd7 15. Rac1 Nf6 16. c4 dxc4 17. Kh1 Rc8 18. b3 c3 19. Ne2 Ne4 20. Qf3 Qc6 21. Nd4 Qa8 22. f5 e5 23. Ne6 c2 24. Bxb6 fxe6 25. Qh5+ Ke7 26. fxe6 Kxe6 27. Qf7+ Kd6 28. Rfd1+ cxd1Q+ 29. Rxd1+ Kc6 30. a5 Kb5 31. Qf1+ Kb4 32. Qe1+ Nc3 33. Ra1 Bd6 34. Qh4+ Kxb3 35. Qg4 Qe4 36. Qd7 Bc5 37. Rc1 Bxb6 38. axb6 Rhd8 39. b7 Rb8 40. Qc7 Rd1+ 41. Rxd1 Nxd1 42. Qb6+ Kc2 43. Qc5+ Nc3 0-1

[Event "Olympiad Women-43"]
[Site "Batumi"]
[Date "2018.10.02"]
[Round "8.3"]
[White "Siew, Kai Xin"]
[Black "Fransson, Angelina"]
[Result "0-1"]
[WhiteElo "1751"]
[BlackElo "2004"]
[PlyCount "104"]
[EventDate "2018.09.24"]
[EventType "team-swiss"]
[EventRounds "11"]
[EventCountry "GEO"]
[SourceTitle "EXT 2020"]
[Source "ChessBase"]
[SourceDate "2019.10.17"]
[SourceVersion "1"]
[SourceVersionDate "2019.10.17"]
[SourceQuality "1"]
[WhiteTeam "Singapore (W)"]
[BlackTeam "Sweden (W)"]
[WhiteTeamCountry "SIN"]
[BlackTeamCountry "SWE"]

1. d4 Nf6 2. c4 g6 3. Nc3 Bg7 4. e4 d6 5. f3 0-0 6. Be3 c5 7. dxc5 dxc5 8. Qxd8 Rxd8 9. Bxc5 Nc6 10. Nd5 Nd7 11. Ba3 e6 12. Nc7 Rb8 13. 0-0-0 Be5 14. Nb5 b6 15. Nh3 a6 16. Nc3 Bb7 17. Bd6 Rbc8 18. Kb1 Bxc3 19. bxc3 Nc5 20. Be2 f6 21. Bxc5 bxc5 22. Kc2 Kf7 23. Rxd8 Rxd8 24. Rb1 Rd7 25. Nf2 Nd8 26. Nd3 Rc7 27. Rb6 e5 28. Kd2 Ne6 29. Ke3 Re7 30. Kf2 Ke8 31. Rd6 h5 32. h4 Kf7 33. Bd1 Rc7 34. Ba4 Ke7 35. Rb6 Kf7 36. g3 Ke7 37. Ke3 Bc8 38. Bc6 Nd8 39. Bd5 Bb7 40. Bxb7 Nxb7 41. Rxa6 Nd6 42. Nb2 f5 43. Rb6 Ra7 44. a4 fxe4 45. fxe4 Kd7 46. Rb3 Kc6 47. Rb8 Rg7 48. Rb3 g5 49. hxg5 Rxg5 50. Kf3 Rg4 51. a5 Nxe4 52. a6 Nd2+ 0-1

[Event "Helsingor Xtracon op"]
[Site "Helsingor"]
[Date "2018.07.26"]
[Round "7"]
[White "Undheim, Bjarne"]
[Black "Fransson, Angelina"]
[Result "1-0"]
[WhiteElo "1878"]
[BlackElo "2035"]
[PlyCount "109"]
[EventDate "2018.07.21"]
[EventType "swiss"]
[EventRounds "10"]
[EventCountry "DEN"]
[SourceTitle "CBM 185 Extra"]
[Source "ChessBase"]
[SourceDate "2018.07.29"]
[SourceVersion "1"]
[SourceVersionDate "2018.07.29"]
[SourceQuality "1"]

1. e4 c5 2. Nf3 e6 3. Qe2 Nc6 4. g3 d6 5. Bg2 Nge7 6. d3 g6 7. 0-0 Bg7 8. Nc3 0-0 9. Bf4 e5 10. Be3 Nd4 11. Qd2 f5 12. Bg5 Ndc6 13. Nd5 Qd7 14. Nxe7+ Nxe7 15. Bh6 f4 16. Bxg7 Kxg7 17. h3 h5 18. Kh2 Ng8 19. c3 Qe7 20. Rae1 g5 21. Rh1 g4 22. Nh4 Nh6 23. Kg1 gxh3 24. Bxh3 Bg4 25. Bxg4 hxg4 26. Ng2 Qf6 27. Nh4 Rh8 28. Rh2 Raf8 29. Qe2 Kg8 30. Qd1 f3 31. Qb3+ Rf7 32. Qa4 Kg7 33. Qxa7 Qg5 34. Re3 Rd7 35. c4 Kf6 36. Qb6 Nf7 37. Qb5 Ke6 38. b4 Rxh4 39. Rxh4 cxb4 40. Qxb4 Qg7 41. Kf1 Nd8 42. Qd2 Qg8 43. Ke1 Rh7 44. Rxh7 Qxh7 45. Kd1 Nc6 46. Re1 Qh2 47. Rf1 Qh3 48. Qe1 Qh8 49. Rh1 Qa8 50. Rh6+ Kd7 51. Rh7+ Ke6 52. Qd2 Qa4+ 53. Ke1 Qb4 54. Qxb4 Nxb4 55. Kd2 1-0

[Event "Helsingor Xtracon op"]
[Site "Helsingor"]
[Date "2018.07.22"]
[Round "2"]
[White "Fransson, Angelina"]
[Black "Berg, Klaus"]
[Result "1-0"]
[WhiteElo "2035"]
[BlackElo "2322"]
[PlyCount "83"]
[EventDate "2018.07.21"]
[EventType "swiss"]
[EventRounds "10"]
[EventCountry "DEN"]
[SourceTitle "CBM 185 Extra"]
[Source "ChessBase"]
[SourceDate "2018.07.29"]
[SourceVersion "1"]
[SourceVersionDate "2018.07.29"]
[SourceQuality "1"]

1. e4 d5 2. exd5 Qxd5 3. Nc3 Qa5 4. d4 c6 5. h3 Bf5 6. Nf3 e6 7. Be2 Nd7 8. 0-0 Ngf6 9. Bf4 Be7 10. Bh2 0-0 11. Nh4 Bg6 12. Nxg6 hxg6 13. Qc1 Rfd8 14. Nb1 c5 15. dxc5 Nxc5 16. Bf3 Rac8 17. Nc3 Qb6 18. Rb1 a5 19. Qe3 Bd6 20. Bxd6 Rxd6 21. Rfd1 Rxd1+ 22. Bxd1 Ne8 23. Ne4 Nd6 24. Nxd6 Qxd6 25. Bf3 Qb6 26. c3 Qb5 27. b3 Rd8 28. b4 Na4 29. Be2 Qf5 30. Rb3 Qc2 31. bxa5 Qxa2 32. Rxb7 Nxc3 33. Qxc3 Qxe2 34. Rb1 Ra8 35. Qc7 Qe4 36. Rb8+ Rxb8 37. Qxb8+ Kh7 38. a6 Qe1+ 39. Kh2 Qxf2 40. a7 e5 41. a8Q Qf4+ 42. g3 1-0

[Event "Olympiad Women-42"]
[Site "Baku"]
[Date "2016.09.04"]
[Round "3.10"]
[White "Fransson, Angelina"]
[Black "Revo, Tatiana"]
[Result "1/2-1/2"]
[WhiteElo "1996"]
[BlackElo "2087"]
[PlyCount "100"]
[EventDate "2016.09.02"]
[EventType "team-swiss"]
[EventRounds "11"]
[EventCountry "AZE"]
[SourceTitle "CBM 174 Extra"]
[Source "ChessBase"]
[SourceDate "2016.10.10"]
[SourceVersion "1"]
[SourceVersionDate "2016.10.10"]
[SourceQuality "1"]
[WhiteTeam "Sweden (W)"]
[BlackTeam "Belarus (W)"]
[WhiteTeamCountry "SWE"]
[BlackTeamCountry "BLR"]

1. e4 c5 2. Nf3 d6 3. Bb5+ Bd7 4. Bxd7+ Qxd7 5. 0-0 Nc6 6. c3 Nf6 7. Re1 g6 8. d4 cxd4 9. cxd4 Bg7 10. Nc3 0-0 11. Bg5 Rfe8 12. Qd2 a5 13. Rad1 Rab8 14. h3 Red8 15. Nd5 b5 16. Bxf6 exf6 17. e5 fxe5 18. dxe5 Kh8 19. Nf4 Nxe5 20. Nxe5 Bxe5 21. Rxe5 dxe5 22. Qxd7 Rxd7 23. Rxd7 exf4 24. Rxf7 Rc8 25. Rb7 b4 26. Ra7 Rc1+ 27. Kh2 Rc2 28. Kg1 Rxb2 29. Rxa5 Kg7 30. Ra6 Kf7 31. Kf1 Ke7 32. Ke1 Kd7 33. a4 Ra2 34. a5 b3 35. Rb6 b2 36. Kd1 Ra1+ 37. Kc2 Rxa5 38. Rxb2 Rg5 39. Rb4 Rxg2 40. Rxf4 Ke6 41. Kd3 Ke5 42. Ke3 Rg1 43. Kf3 Rh1 44. Rh4 h5 45. Kg2 Re1 46. Ra4 g5 47. Ra8 Rb1 48. Rh8 h4 49. Re8+ Kf4 50. Rf8+ Ke5 1/2-1/2

[Event "EU-chT (Women) 20th"]
[Site "Reykjavik"]
[Date "2015.11.19"]
[Round "6.3"]
[White "Fransson, Angelina"]
[Black "Turunen, Tiina"]
[Result "1-0"]
[WhiteElo "1980"]
[BlackElo "1764"]
[PlyCount "49"]
[EventDate "2015.11.13"]
[EventType "team-swiss"]
[EventRounds "9"]
[EventCountry "ISL"]
[SourceTitle "CBM 169 Extra"]
[Source "ChessBase"]
[SourceDate "2015.12.18"]
[SourceVersion "1"]
[SourceVersionDate "2015.12.18"]
[SourceQuality "1"]
[WhiteTeam "Sweden (W)"]
[BlackTeam "Finland (W)"]
[WhiteTeamCountry "SWE"]
[BlackTeamCountry "FIN"]

1. e4 c6 2. Nf3 d5 3. exd5 cxd5 4. Ne5 Nc6 5. d4 g6 6. Bb5 Bd7 7. Nxd7 Qxd7 8. c3 a6 9. Bd3 Bg7 10. Nd2 Nf6 11. Nf3 0-0 12. 0-0 Rfe8 13. Re1 Qc7 14. Ne5 Rad8 15. Qe2 Nd7 16. Bf4 Ndxe5 17. dxe5 e6 18. Rad1 Bf8 19. Bg5 Rd7 20. Bb1 b5 21. Bf6 Qc8 22. Rd3 Rc7 23. Rh3 Nb8 24. Rxh7 Kxh7 25. Qh5+ 1-0

[Event "EU-chT (Women) 20th"]
[Site "Reykjavik"]
[Date "2015.11.13"]
[Round "1.4"]
[White "Fransson, Angelina"]
[Black "Velikic, Adela"]
[Result "0-1"]
[WhiteElo "1980"]
[BlackElo "2322"]
[PlyCount "116"]
[EventDate "2015.11.13"]
[EventType "team-swiss"]
[EventRounds "9"]
[EventCountry "ISL"]
[SourceTitle "CBM 169 Extra"]
[Source "ChessBase"]
[SourceDate "2015.12.18"]
[SourceVersion "1"]
[SourceVersionDate "2015.12.18"]
[SourceQuality "1"]
[WhiteTeam "Sweden (W)"]
[BlackTeam "Serbia (W)"]
[WhiteTeamCountry "SWE"]
[BlackTeamCountry "SRB"]

1. e4 c5 2. Nf3 e6 3. d3 Nc6 4. Nbd2 d5 5. g3 Bd6 6. Bg2 Nge7 7. 0-0 0-0 8. Re1 Bc7 9. Qe2 Rb8 10. Nf1 d4 11. e5 Ng6 12. Ng5 Ncxe5 13. f4 Nd7 14. h4 Nf6 15. Nh2 Ne7 16. g4 Ng6 17. Rf1 Nxh4 18. Be4 Nxe4 19. Qxe4 Ng6 20. Nhf3 Qd5 21. Qe2 b6 22. Qh2 h6 23. Ne4 f5 24. c4 Qc6 25. gxf5 exf5 26. Ng3 Bb7 27. Nh5 Rbe8 28. Bd2 Re6 29. Rf2 Rfe8 30. Raf1 Nf8 31. Nh4 g6 32. Ng3 Nd7 33. Qh3 Kf7 34. Nf3 Kg7 35. Rh2 h5 36. Ng5 Nf6 37. Nxe6+ Rxe6 38. Nxf5+ gxf5 39. Qxf5 Qe8 40. Qg5+ Kf8 41. Qh6+ Ke7 42. Qg5 Kd7 43. Qg7+ Qe7 44. Qxe7+ Rxe7 45. Rh4 Rg7+ 46. Kf2 Ke6 47. Rg1 Rxg1 48. Kxg1 Kf5 49. Kf2 Bc6 50. Kg3 Bd8 51. Rh2 Bd7 52. b4 Kg6 53. bxc5 bxc5 54. Be1 Bf5 55. Rd2 h4+ 56. Kg2 Kh5 57. Kf3 Bg4+ 58. Kg2 Ba5 0-1

[Event "Wch U20 Girls 32nd"]
[Site "Pune"]
[Date "2014.10.16"]
[Round "10"]
[White "Tejaswini, Sagar"]
[Black "Fransson, Angelina"]
[Result "1-0"]
[WhiteElo "1876"]
[BlackElo "2019"]
[PlyCount "77"]
[EventDate "2014.10.06"]
[EventType "swiss"]
[EventRounds "13"]
[EventCountry "IND"]
[SourceTitle "EXT 2015"]
[Source "ChessBase"]
[SourceDate "2014.11.20"]
[SourceVersion "1"]
[SourceVersionDate "2014.11.20"]
[SourceQuality "1"]

1. e4 c5 2. Nf3 d6 3. d4 cxd4 4. Nxd4 Nf6 5. Nc3 e6 6. Be3 a6 7. f3 b5 8. g4 Bb7 9. Qd2 Nc6 10. 0-0-0 Nd7 11. h4 Nc5 12. Qf2 b4 13. Nce2 Qc7 14. Kb1 Be7 15. g5 Ne5 16. Ng3 d5 17. Nb3 Na4 18. Bf4 Nd3 19. cxd3 Qxf4 20. Nh5 Qe5 21. d4 Qb8 22. Nxg7+ Kf8 23. Nh5 dxe4 24. Bg2 e3 25. Qxe3 Bd5 26. Rhe1 Nb6 27. Bh3 a5 28. Nc5 Qd6 29. Ne4 Nc4 30. Qe2 Qc6 31. Nf4 a4 32. Nxd5 Qxd5 33. Nc5 b3 34. Nxe6+ fxe6 35. Bxe6 Na3+ 36. bxa3 bxa2+ 37. Qxa2 Qb7+ 38. Ka1 Kg7 39. Bd5 1-0

[Event "Wch U20 Girls 32nd"]
[Site "Pune"]
[Date "2014.10.14"]
[Round "8"]
[White "Mahasweta, Kumar"]
[Black "Fransson, Angelina"]
[Result "0-1"]
[WhiteElo "1847"]
[BlackElo "2019"]
[PlyCount "138"]
[EventDate "2014.10.06"]
[EventType "swiss"]
[EventRounds "13"]
[EventCountry "IND"]
[SourceTitle "EXT 2015"]
[Source "ChessBase"]
[SourceDate "2014.11.20"]
[SourceVersion "1"]
[SourceVersionDate "2014.11.20"]
[SourceQuality "1"]

1. e4 c5 2. Nf3 d6 3. d4 cxd4 4. Nxd4 Nf6 5. Nc3 e6 6. Be3 a6 7. Be2 Be7 8. Qd2 b5 9. a3 Bb7 10. f3 Nbd7 11. g4 Nb6 12. Bf2 Nfd7 13. h4 Ne5 14. b3 Nc6 15. g5 Nd7 16. Nxc6 Bxc6 17. Bg3 e5 18. Nd1 h6 19. Ne3 g6 20. gxh6 Bf8 21. 0-0-0 Nf6 22. Qc3 Qb6 23. Kb1 Bb7 24. Qd3 Qc5 25. b4 Qc7 26. Rhf1 Nh5 27. Bh2 Bxh6 28. Ng4 Bf4 29. Qxd6 Qxd6 30. Rxd6 Bxh2 31. Nxh2 Ng3 32. Rf2 Bxe4 33. fxe4 Nxe4 34. Bf3 Nxd6 35. Bxa8 e4 36. Rf4 f5 37. Nf1 Ke7 38. Bc6 Ke6 39. Ne3 Ke5 40. Ng2 Rc8 41. Bd7 Rc7 42. Bxf5 gxf5 43. h5 Rg7 44. Rf2 Rg3 45. Nf4 Rg1+ 46. Ka2 Rh1 47. Kb3 Nc4 48. a4 e3 49. Nd3+ Kf6 50. Re2 Kg5 51. axb5 axb5 52. Ne1 f4 53. Nf3+ Kg4 54. Nh2+ Kxh5 55. Rg2 Rxh2 56. Rxh2+ Kg4 57. Kc3 Kg3 58. Rh1 Kg2 59. Rh5 e2 60. Rxb5 e1Q+ 61. Kxc4 Qe2+ 62. Kc5 Qxc2+ 63. Kb6 Qg6+ 64. Ka7 f3 65. Rb7 f2 66. b5 f1Q 67. b6 Qa1+ 68. Kb8 Qd6+ 69. Kc8 Qh8# 0-1

[Event "Wch U20 Girls 32nd"]
[Site "Pune"]
[Date "2014.10.10"]
[Round "5"]
[White "Fransson, Angelina"]
[Black "Salonika, Saina"]
[Result "1-0"]
[WhiteElo "2019"]
[BlackElo "1737"]
[PlyCount "65"]
[EventDate "2014.10.06"]
[EventType "swiss"]
[EventRounds "13"]
[EventCountry "IND"]
[SourceTitle "EXT 2015"]
[Source "ChessBase"]
[SourceDate "2014.11.20"]
[SourceVersion "1"]
[SourceVersionDate "2014.11.20"]
[SourceQuality "1"]

1. e4 c5 2. Nf3 d6 3. c3 Nf6 4. h3 Nc6 5. Bd3 e5 6. Bc2 Be7 7. 0-0 0-0 8. d4 Qc7 9. d5 Nb8 10. c4 a6 11. Nc3 Bd7 12. Qe2 Ne8 13. Bd3 Qc8 14. Nd2 Bg5 15. Nf3 Bxc1 16. Raxc1 f5 17. exf5 Bxf5 18. Bxf5 Qxf5 19. Ne4 Nd7 20. Nfd2 Ndf6 21. Ng3 Qd7 22. f4 exf4 23. Rxf4 Nc7 24. Rcf1 b5 25. b3 Rae8 26. Nde4 Nxe4 27. Qxe4 Qd8 28. Rxf8+ Rxf8 29. Nf5 Rf7 30. Qg4 Qf6 31. Nh6+ Qxh6 32. Qc8+ Rf8 33. Qxf8# 1-0

[Event "Wch U20 Girls 32nd"]
[Site "Pune"]
[Date "2014.10.09"]
[Round "4"]
[White "Potluri, Supreetha"]
[Black "Fransson, Angelina"]
[Result "1-0"]
[WhiteElo "1738"]
[BlackElo "2019"]
[PlyCount "99"]
[EventDate "2014.10.06"]
[EventType "swiss"]
[EventRounds "13"]
[EventCountry "IND"]
[SourceTitle "EXT 2015"]
[Source "ChessBase"]
[SourceDate "2014.11.20"]
[SourceVersion "1"]
[SourceVersionDate "2014.11.20"]
[SourceQuality "1"]

1. d4 Nf6 2. Bf4 g6 3. Nf3 Bg7 4. e3 0-0 5. Be2 c5 6. c3 d6 7. 0-0 b6 8. Nbd2 Bb7 9. a4 Nbd7 10. a5 Qc7 11. a6 Bc6 12. c4 e5 13. Bg3 Bxf3 14. Bxf3 Rae8 15. d5 Rb8 16. Be2 b5 17. cxb5 Nxd5 18. Bf3 N5f6 19. Bc6 Rbd8 20. Nc4 Nb6 21. Na5 Rb8 22. Rc1 Qe7 23. Nb7 Nc8 24. Bh4 Qe6 25. e4 h6 26. f3 Kh7 27. Qd2 g5 28. Bf2 Rg8 29. Rfd1 Bf8 30. h3 Be7 31. b4 cxb4 32. Qxb4 d5 33. exd5 Bxb4 34. dxe6 fxe6 35. Bg3 Ba3 36. Rc3 Bb2 37. Rb3 Nh5 38. Be4+ Kg7 39. Bh2 Bd4+ 40. Rxd4 exd4 41. Bxb8 Kf6 42. b6 Nxb6 43. Bxa7 Na8 44. Bxd4+ e5 45. Bb2 Nf4 46. Nc5 Ne2+ 47. Kf2 Nd4 48. Bxd4 exd4 49. a7 Rg7 50. Rb7 1-0

[Event "Wch U20 Girls 32nd"]
[Site "Pune"]
[Date "2014.10.08"]
[Round "3"]
[White "Fransson, Angelina"]
[Black "Ibrahimova, Sabina Oqtay"]
[Result "0-1"]
[WhiteElo "2019"]
[BlackElo "2271"]
[PlyCount "72"]
[EventDate "2014.10.06"]
[EventType "swiss"]
[EventRounds "13"]
[EventCountry "IND"]
[SourceTitle "EXT 2015"]
[Source "ChessBase"]
[SourceDate "2014.11.20"]
[SourceVersion "1"]
[SourceVersionDate "2014.11.20"]
[SourceQuality "1"]

1. e4 c5 2. Nf3 Nc6 3. c3 Nf6 4. e5 Nd5 5. d4 cxd4 6. cxd4 d6 7. Bc4 e6 8. 0-0 Be7 9. Bd2 0-0 10. Nc3 Nb6 11. Bb3 d5 12. Bc2 Bd7 13. Qe2 Rc8 14. Rae1 Nc4 15. Bc1 Qb6 16. Rd1 Qd8 17. Qd3 g6 18. a3 b5 19. Ne2 b4 20. Nf4 bxa3 21. bxa3 N6a5 22. Ne1 f5 23. exf6 Rxf6 24. h4 Rxf4 25. Bxf4 Nb2 26. Qf3 Nxd1 27. h5 Nc3 28. hxg6 hxg6 29. Bxg6 Qf8 30. Qg4 Ne2+ 31. Qxe2 Qxf4 32. Nd3 Qh6 33. Ne5 Bd6 34. Qf3 Bxe5 35. Qf7+ Kh8 36. Qxd7 Qh2# 0-1

[Event "Gibraltar Masters 10th"]
[Site "Caleta"]
[Date "2012.01.28"]
[Round "5"]
[White "Byron, Alan M"]
[Black "Fransson, Angelina"]
[Result "1-0"]
[WhiteElo "2241"]
[BlackElo "1967"]
[PlyCount "79"]
[EventDate "2012.01.24"]
[EventType "swiss"]
[EventRounds "10"]
[EventCountry "GGB"]
[SourceTitle "CBM 147"]
[Source "ChessBase"]
[SourceDate "2012.03.16"]
[SourceVersion "1"]
[SourceVersionDate "2012.03.16"]
[SourceQuality "1"]

1. c4 Nf6 2. g3 g6 3. Bg2 Bg7 4. Nc3 d6 5. Nf3 0-0 6. d4 Nc6 7. 0-0 a6 8. e3 Bd7 9. b3 Rb8 10. Bb2 b5 11. Nd2 e5 12. d5 Ne7 13. Qc2 Qc8 14. Rfd1 Bh3 15. Bh1 h5 16. Rac1 Bg4 17. Re1 h4 18. Ne2 Bh6 19. Nf4 hxg3 20. hxg3 b4 21. Nd3 Kg7 22. f4 Nf5 23. Nf1 Bh3 24. Bg2 Bxg2 25. Qxg2 exf4 26. exf4 g5 27. Nf2 Kg6 28. g4 Nh4 29. f5+ Kh7 30. Qg3 Bg7 31. Nh3 Kh6 32. Rc2 Re8 33. Nxg5 Nxf5 34. gxf5 Qxf5 35. Rh2+ Nh5 36. Bxg7+ Kg6 37. Rxh5 Kxh5 38. Nh3 Qg4 39. Nf4+ Kg5 40. Bh6+ 1-0

[Event "Gibraltar Masters 10th"]
[Site "Caleta"]
[Date "2012.01.24"]
[Round "1"]
[White "Peredy, Ferenc"]
[Black "Fransson, Angelina"]
[Result "1-0"]
[WhiteElo "2180"]
[BlackElo "1967"]
[PlyCount "69"]
[EventDate "2012.01.24"]
[EventType "swiss"]
[EventRounds "10"]
[EventCountry "GGB"]
[SourceTitle "CBM 147"]
[Source "ChessBase"]
[SourceDate "2012.03.16"]
[SourceVersion "1"]
[SourceVersionDate "2012.03.16"]
[SourceQuality "1"]

1. e4 c5 2. c3 Nf6 3. e5 Nd5 4. d4 cxd4 5. Nf3 Nc6 6. Bc4 Nb6 7. Bb3 d6 8. exd6 e6 9. cxd4 Bxd6 10. 0-0 Nd5 11. Nc3 0-0 12. Re1 Nce7 13. Bc2 Ng6 14. Bg5 f6 15. Bd2 Re8 16. Ne4 Bc7 17. Rc1 e5 18. Bb3 Be6 19. Nc5 Bf7 20. Nxb7 Qc8 21. Nd6 Bxd6 22. Rxc8 Raxc8 23. dxe5 Nxe5 24. Nxe5 Bxe5 25. Qf3 Rcd8 26. Ba5 Nb6 27. Bxf7+ Kxf7 28. g3 Rd6 29. Qh5+ g6 30. Qxh7+ Ke6 31. f4 Nc4 32. Bc3 Re7 33. Qxg6 Kd7 34. Qf5+ Kc7 35. Bb4 1-0

[Event "London Classic op"]
[Site "London"]
[Date "2011.12.11"]
[Round "9"]
[White "Fransson, Angelina"]
[Black "Nandhidhaa, PV."]
[Result "0-1"]
[WhiteElo "1940"]
[BlackElo "2139"]
[PlyCount "86"]
[EventDate "2011.12.03"]
[EventType "swiss"]
[EventRounds "9"]
[EventCountry "ENG"]
[SourceTitle "CBM 145 Extra"]
[Source "ChessBase"]
[SourceDate "2012.01.03"]
[SourceVersion "1"]
[SourceVersionDate "2012.01.03"]
[SourceQuality "1"]

1. e4 c5 2. d3 d6 3. f4 g6 4. Nf3 Bg7 5. Be2 e6 6. 0-0 Ne7 7. c3 0-0 8. Be3 Nbc6 9. d4 cxd4 10. cxd4 f5 11. e5 Nd5 12. Bc1 g5 13. Nxg5 Qb6 14. Bc4 Nxd4 15. Bxd5 exd5 16. Be3 dxe5 17. fxe5 Bxe5 18. Nc3 f4 19. Nxd5 Qc5 20. Qh5 Bf5 21. Nxf4 Qe7 22. Kh1 Nc2 23. Nd5 Qd7 24. Rad1 Bg4 25. Qxh7+ Qxh7 26. Nxh7 Kxh7 27. Rc1 Nxe3 28. Nxe3 Bd7 29. Nc4 Bg7 30. Rfd1 Bc6 31. Na5 Be4 32. Rc4 Rae8 33. Kg1 b6 34. Nb3 Ba8 35. Rc2 Bh6 36. h3 Be3+ 37. Kh2 Rf7 38. h4 Bf2 39. Kh3 Re3+ 40. Kh2 Bg3+ 41. Kg1 Rfe7 42. Rf1 Re1 43. Nd2 R1e2 0-1

[Event "London Classic op"]
[Site "London"]
[Date "2011.12.09"]
[Round "7"]
[White "Fransson, Angelina"]
[Black "Svaralova, Monika"]
[Result "1-0"]
[WhiteElo "1940"]
[BlackElo "2025"]
[PlyCount "95"]
[EventDate "2011.12.03"]
[EventType "swiss"]
[EventRounds "9"]
[EventCountry "ENG"]
[SourceTitle "CBM 145 Extra"]
[Source "ChessBase"]
[SourceDate "2012.01.03"]
[SourceVersion "1"]
[SourceVersionDate "2012.01.03"]
[SourceQuality "1"]

1. e4 e6 2. d3 d5 3. Nd2 Nf6 4. Ngf3 c5 5. g3 b6 6. c3 Bb7 7. e5 Nfd7 8. d4 Nc6 9. Be2 f6 10. exf6 Nxf6 11. 0-0 Bd6 12. Ng5 e5 13. dxe5 Nxe5 14. f4 Ned7 15. Re1 0-0 16. Ne6 Qc8 17. Nxf8 Nxf8 18. Bf3 c4 19. Nf1 Bc5+ 20. Be3 N8d7 21. Kg2 Ne4 22. Bd4 Qe8 23. Qa4 Qf7 24. Rad1 a6 25. Ne3 Rf8 26. Bxe4 dxe4 27. Qxc4 Qxc4 28. Nxc4 e3+ 29. Kg1 Bf3 30. Rd3 Bd5 31. Nxe3 Bxa2 32. Bxc5 Nxc5 33. Rd6 Rf6 34. Rxf6 gxf6 35. Nf5 Be6 36. Nd4 Bf7 37. Re7 Kf8 38. Ra7 a5 39. b4 Ne4 40. bxa5 bxa5 41. Rxa5 Nxc3 42. Ra7 h5 43. Kf2 Kg7 44. Nf5+ Kg6 45. Nd6 Be6 46. Ke3 Nd5+ 47. Kd4 h4 48. f5+ 1-0

[Event "Oslo op ELO"]
[Site "Oslo"]
[Date "2011.10.02"]
[Round "2"]
[White "Fransson, Angelina"]
[Black "Olsen, Ulrik"]
[Result "1-0"]
[WhiteElo "1943"]
[BlackElo "1640"]
[PlyCount "67"]
[EventDate "2011.10.02"]
[EventType "swiss"]
[EventRounds "9"]
[EventCountry "NOR"]
[SourceTitle "EXT 2023"]
[Source "ChessBase"]
[SourceDate "2022.10.05"]
[SourceVersion "1"]
[SourceVersionDate "2022.10.05"]
[SourceQuality "1"]

1. e4 c5 2. d3 d6 3. g3 Nc6 4. Bg2 Nf6 5. f4 Bg4 6. Nf3 Nd4 7. Nbd2 Qc7 8. c3 Nxf3+ 9. Nxf3 g6 10. 0-0 Bg7 11. h3 Bd7 12. Be3 0-0 13. Qd2 Rad8 14. Rae1 Bc6 15. Kh2 c4 16. Nd4 e5 17. Nxc6 Qxc6 18. f5 Qa4 19. d4 a6 20. a3 Qb3 21. Rf2 Rfe8 22. d5 Qb5 23. Bg5 Rf8 24. Ref1 Rc8 25. fxg6 Nd7 26. gxf7+ Kh8 27. Be7 Rfd8 28. Bxd8 Rxd8 29. Qg5 Rf8 30. h4 h6 31. Qe7 Nc5 32. Qxd6 Nd3 33. Rf6 Bxf6 34. Qxf8+ 1-0

[Event "EU-ch U18 Girls"]
[Site "Albena"]
[Date "2011.09.19"]
[Round "8"]
[White "Kantor, Reka"]
[Black "Fransson, Angelina"]
[Result "0-1"]
[WhiteElo "1962"]
[BlackElo "1943"]
[PlyCount "72"]
[EventDate "2011.09.11"]
[EventType "swiss"]
[EventRounds "9"]
[EventCountry "BUL"]
[SourceTitle "CBM 144 Extra"]
[Source "ChessBase"]
[SourceDate "2011.10.28"]
[SourceVersion "1"]
[SourceVersionDate "2011.10.28"]
[SourceQuality "1"]

1. e4 c5 2. Nf3 d6 3. d4 cxd4 4. Nxd4 Nf6 5. f3 e5 6. Bb5+ Nbd7 7. Nf5 d5 8. exd5 a6 9. Ba4 b5 10. Bb3 Nb6 11. Ne3 Bb7 12. Nc3 b4 13. Ne4 Nfxd5 14. Nxd5 Bxd5 15. Bxd5 Nxd5 16. 0-0 Be7 17. Re1 0-0 18. Qd3 h6 19. c4 bxc3 20. Nxc3 Bc5+ 21. Kh1 Nxc3 22. Qxc3 Bf2 23. Rf1 Bd4 24. Qd3 Qb6 25. Rb1 Qb5 26. Qd1 Rfd8 27. Qe1 Rac8 28. Be3 Rc2 29. Bxd4 exd4 30. Rf2 d3 31. Rd2 Re8 32. Qd1 Rxd2 33. Qxd2 Re2 34. Qc3 Rc2 35. Qd4 d2 36. Qd8+ Kh7 0-1

[Event "EU-ch U18 Girls"]
[Site "Albena"]
[Date "2011.09.11"]
[Round "1"]
[White "Fransson, Angelina"]
[Black "Kovacs, Klara"]
[Result "1/2-1/2"]
[WhiteElo "1943"]
[BlackElo "2183"]
[PlyCount "105"]
[EventDate "2011.09.11"]
[EventType "swiss"]
[EventRounds "9"]
[EventCountry "BUL"]
[SourceTitle "CBM 144 Extra"]
[Source "ChessBase"]
[SourceDate "2011.10.28"]
[SourceVersion "1"]
[SourceVersionDate "2011.10.28"]
[SourceQuality "1"]

1. e4 e6 2. d3 d5 3. Nd2 Nf6 4. Ngf3 b6 5. g3 Nc6 6. e5 Ng4 7. d4 f6 8. Bb5 Bd7 9. h3 Nh6 10. Bxc6 Bxc6 11. 0-0 Qd7 12. Re1 0-0-0 13. a4 Nf7 14. a5 fxe5 15. Nxe5 Nxe5 16. Rxe5 Bd6 17. Nf3 Rhf8 18. Bf4 h6 19. h4 Rxf4 20. gxf4 Rf8 21. axb6 axb6 22. Re3 Qf7 23. Qe2 Qxf4 24. Rc3 Qg4+ 25. Kf1 Qh3+ 26. Ke1 Qh1+ 27. Qf1 Qxf1+ 28. Kxf1 Kb7 29. Re1 Bb4 30. Kg2 Bxc3 31. bxc3 Bd7 32. Kg3 c5 33. Ne5 Ba4 34. dxc5 bxc5 35. Nd3 Rc8 36. Rxe6 Bxc2 37. Re7+ Kb6 38. Ne1 Be4 39. f3 Bb1 40. Rxg7 d4 41. cxd4 c4 42. Re7 Rc6 43. Kf4 Rf6+ 44. Ke3 c3 45. Re5 Bh7 46. Rc5 Re6+ 47. Kf2 Rc6 48. Rxc6+ Kxc6 49. Ke3 Kd5 50. Nd3 Kc4 51. Nc1 c2 52. Ne2 Bd3 53. Nc1 1/2-1/2